Melekh Lir (Record no. 32998)

MARC details
000 -LEADER
fixed length control field 00817cam a22002531 4500
001 - CONTROL NUMBER
control field he 68000631
003 - CONTROL NUMBER IDENTIFIER
control field DLC
005 - DATE AND TIME OF LATEST TRANSACTION
control field 20260227111454.0
008 - FIXED-LENGTH DATA ELEMENTS--GENERAL INFORMATION
fixed length control field 870223s1963 is 000 0 hebo
010 ## - LIBRARY OF CONGRESS CONTROL NUMBER
LC control number he 68000631
035 ## - SYSTEM CONTROL NUMBER
System control number (OCoLC)15228574
040 ## - CATALOGING SOURCE
Original cataloging agency DLC
Transcribing agency CU
Modifying agency DLC
041 1# - LANGUAGE CODE
Language code of text/sound track or separate title heb
Language code of original eng
050 00 - LIBRARY OF CONGRESS CALL NUMBER
Classification number PR2796.H4
Item number K53
100 1# - MAIN ENTRY--PERSONAL NAME
Personal name Shakespeare, William,
Dates associated with a name 1564-1616.
240 10 - UNIFORM TITLE
Uniform title King Lear.
Language of a work Hebrew
245 10 - TITLE STATEMENT
Title Melekh Lir
Statement of responsibility, etc. [me-et] Ṿilyam Sheḳspir. ʻIvrit bi-yede Sh. Ts. Daṿidovits.
260 ## - PUBLICATION, DISTRIBUTION, ETC.
Place of publication, distribution, etc. Yerushalayim,
Date of publication, distribution, etc. Ḳiryat Sefer,
-- 724 [1963 or 4]
300 ## - PHYSICAL DESCRIPTION
Extent 140 p.
Dimensions 21 cm.
500 ## - GENERAL NOTE
General note Added t. p.: King Lear. Translated into Hebrew by S. H. Davidowitz.
500 ## - GENERAL NOTE
General note Vocalized.
650 #0 - SUBJECT ADDED ENTRY--TOPICAL TERM
Topical term or geographic name entry element Lear, King (Legendary character)
Form subdivision Drama.
700 1# - ADDED ENTRY--PERSONAL NAME
Personal name Davidowitz, Harry Soloman,
Dates associated with a name 1887-

No items available.

Powered by Koha